Modern Concepts of Ecology (Record no. 2420)

MARC details
000 -LEADER
fixed length control field 00347nam a22001577a 4500
003 - CONTROL NUMBER IDENTIFIER
control field OSt
005 - DATE AND TIME OF LATEST TRANSACTION
control field 20210907143140.0
008 - FIXED-LENGTH DATA ELEMENTS--GENERAL INFORMATION
fixed length control field 210907b |||||||| |||| 00| 0 eng d
020 ## - INTERNATIONAL STANDARD BOOK NUMBER
International Standard Book Number 0-7069-5047-X
040 ## - CATALOGING SOURCE
Transcribing agency HU
082 ## - DEWEY DECIMAL CLASSIFICATION NUMBER
Classification number 574.5
100 ## - MAIN ENTRY--PERSONAL NAME
Personal name H.D.KUMAR
9 (RLIN) 2032
245 ## - TITLE STATEMENT
Title Modern Concepts of Ecology
300 ## - PHYSICAL DESCRIPTION
Extent 386
942 ## - ADDED ENTRY ELEMENTS (KOHA)
Source of classification or shelving scheme Dewey Decimal Classification
Koha item type Books like text book referance book
Suppress in OPAC No
Holdings
Withdrawn status Lost status Source of classification or shelving scheme Damaged status Not for loan Home library Current library Shelving location Date acquired Total Checkouts Full call number Barcode Date last seen Copy number Price effective from Koha item type
    Dewey Decimal Classification     Natural & Computational Science Library Natural & Computational Science Library General Stacks 09/07/2021   574.3/HUM NSCLIB00006746 09/07/2021 1 09/07/2021 Books like text book referance book